| 000 | 00628nam a22002175i 4500 | ||
|---|---|---|---|
| 001 | 168619 | ||
| 003 | ES-MaACL | ||
| 005 | 20250523062602.0 | ||
| 008 | 080424s2006 sp |||| | spa d | ||
| 020 | _a978-84-85708-72-7 | ||
| 080 | _a821.134.2-83"19" | ||
| 080 | _a821.134.2-4"19" | ||
| 100 | 1 |
_aGarcía Calvo, Agustín, _d1926-2012 _eaut _9233841 |
|
| 245 | 1 | 0 |
_a20 ventanas y 36 adolescencias / _c¿Agustín García Calvo?. |
| 250 | _a1ª ed. | ||
| 260 |
_aZamora : _bLucina, _c2006. |
||
| 300 |
_a134 p. ; _c19 cm. |
||
| 852 |
_aES-MaACL _jL-29361 _9R.143372 |
||
| 942 | _2udc | ||
| 999 |
_c168619 _d168619 |
||